• 首页
  • 本馆介绍
  • 公告通知
  • 最新文献
  • 馆藏检索
  • 电子资源
  • 读者导购
  • 参考咨询
  • 我的图书馆
  • 登录
  • 详细信息显示
  • 放入我的书架
  • 预约/预借图书
  • 作者相关作品
  • 分类相关作品
  • 丛书相关作品
  • 出版社相关作品

书目信息

  • 表格格式
  • 工作单格式
  • 卡片格式
题名:
装配式建筑施工与造价管理
    
 
作者: 张广华 著
分册:  
出版信息: 长春   吉林科学技术出版社  2022.08
页数: 160页
开本: 26cm
丛书名:
单 册:
中图分类: TU3 , TU723.31
科图分类:
主题词: 装配式构件--zhuang pei shi gou jian--建筑施工 , 装配式构件--zhuang pei shi gou jian--建筑工程--建筑造价管理
电子资源:
ISBN: 978-7-5578-9458-0
000 01076nam0 2200265 450
001 CAL 012022036595
005 20230217093112.0
010    @a978-7-5578-9458-0@dCNY55.00
100    @a20221020d2022 em y0chiy0120 ea
101 0  @achi
102    @aCN@b220000
105    @ay a 000yy
106    @ar
200 1  @a装配式建筑施工与造价管理@Azhuang pei shi jian zhu shi gong yu zao jia guan li@f张广华著
210    @a长春@c吉林科学技术出版社@d2022.08
215    @a160页@d26cm
320    @a有书目 (第160页)
330    @a本书共九章内容, 主要介绍了装配式建筑发展史、装配式建筑的设计、装配式建筑产业化、装配式建筑的施工与施工组织管理、装配式建筑工程监理与施工质量检测、装配、装配式建筑装饰设计与施工管理、装配式建筑工程造价控制、装配式建筑市场营销、装配式建筑物业管理等方面的内容。
606 0  @a装配式构件@Azhuang pei shi gou jian@x建筑施工
606 0  @a装配式构件@Azhuang pei shi gou jian@x建筑工程@x建筑造价管理
690    @aTU3@v5
690    @aTU723.31@v5
701  0 @a张广华@Azhang guang hua@4著
801  0 @aCN@bBJXHZP@c20230228
905    @b1386332-5@dTU3@e2153@f4
    
    装配式建筑施工与造价管理/张广华著.-长春:吉林科学技术出版社,2022.08
    160页;26cm
    
    
    ISBN 978-7-5578-9458-0:CNY55.00
    本书共九章内容, 主要介绍了装配式建筑发展史、装配式建筑的设计、装配式建筑产业化、装配式建筑的施工与施工组织管理、装配式建筑工程监理与施工质量检测、装配、装配式建筑装饰设计与施工管理、装配式建筑工程造价控制、装配式建筑市场营销、装配式建筑物业管理等方面的内容。
●
相关链接 在E读中查询图书 在五车中查询图书 在当当中查询图书 在豆瓣中查询图书


正题名:装配式建筑施工与造价管理     索取号:TU3/2153         预约/预借

序号 登录号 条形码 馆藏地/架位号 状态 备注
1 1386332   213863327   第二样本阅览室/ [索取号:TU3/2153] 在馆    
2 1386333   213863336   第三借阅区/ [索取号:TU3/2153] 在馆    
3 1386334   213863345   第三借阅区/ [索取号:TU3/2153] 在馆    
4 1386335   213863354   第三借阅区/ [索取号:TU3/2153] 在馆    
唐山师范学院图书馆 欢迎您!
大连网信软件有限公司© 版权所有